You're New This Season (Comedies) Quiz Stats

Quiz Updated Jul 27, 2016

Also try: Sitcom by House
Challenge
Share
Tweet
Embed
Score 0/15 Timer 05:00
1 Play Today
% Correct
Cheers
87.2%
The Big Bang Theory
87%
It’s Always Sunny in Philadelphia
83.1%
Two and a Half Men
74.7%
The Office (US)
72.7%
The Fresh Prince of Bel-Air
68.7%
Full House
68.7%
Arrested Development
60.2%
% Correct
Modern Family
60%
M*A*S*H
59.4%
That ‘70s Show
58.8%
The Drew Carey Show
58.1%
Night Court
56.8%
Boy Meets World
52.9%
Married... With Children
48.1%

You're not logged in!

Compare scores with friends on all Sporcle quizzes.
Sign Up with Email
OR
Log In

You Might Also Like...

Show Comments

Extras

Top Quizzes Today


Score Distribution

Your Account Isn't Verified!

In order to create a playlist on Sporcle, you need to verify the email address you used during registration. Go to your Sporcle Settings to finish the process.